Datum a čas kvízu
24
Celkem bodů
Celkový počet nahraných bodů na tomto kvízu bez doplňovacích otázek.
10.
Pořadí na kvízu
Konečné umístění týmu na tomto kvízu.
Zaznamenané odpovědi
| # | Otázka | Odpověď | Body | Výsledky |
|---|---|---|---|---|
| 1. | V sobotu byla pro návštěvníky... | Bohumil Hrabal, Kersko | 1 | |
| 2. | Buckinghamský palác odhalil v... | D) motýl | 0 | |
| 3. | Jeden z 28 evropských koncertů... | Thirty Seconds to Mars (30 Seconds to Mars) | 1 | |
| 4. | V ženevské pobočce aukční síně... | Michael Schumacher | 1 | |
| 5. | V sobotu se v Rijádu konal dlo... | Tyson Fury, Oleksandr Usyk | 1 | |
| 6. | Jména Mnata, Vojen či Vnislav... | A | 1 | |
| 7. | Podle pověsti prý zvony z kost... | ve čtvrtek (na Zelený čtvrtek) | 0 | |
| 8. | Přiřaďte k sobě dvojice hrdinů... | 1B 2C 3D 4A | 1 | |
| 9. | Václav Podbrdský byl kameník,... | A | 0 | |
| 10. | Pokud dokážete určit, co tento... | Stadice | 0 |